| 000 | 00903nam a2200205 a 4500 | ||
|---|---|---|---|
| 008 | 160511s2015 ||||||||||||||||| || u | ||
| 020 | _a9781782420774 | ||
| 050 | _aQP 535.M4 Sur | ||
| 100 | _aNarayanan, T.S.N. Sankara | ||
| 245 | 1 | 0 |
_aSurface modification of magnesium and its alloys for boimedical applications: volume1: Biological interactions, mechanical properties and testing _cEdited by T.S.N. Sankara Narayanan, II-Song Park and Min-Ho Lee |
| 260 |
_awaltham _bWoodhead Publishing _c2015 |
||
| 300 | _axv, 363p.: ill. | ||
| 350 | _a235.00 | ||
| 490 | _aWoodhead publishing series in biomaterials | ||
| 650 | _aBONE REGENERATION | ||
| 650 | 0 | _aBIOMEDICAL MATERIALS | |
| 650 | _aMAGNESIUM | ||
| 650 | _aMATERIAL TESTING | ||
| 995 |
_FCBU-MAIN LIBRARY (Kitwe) _I235.00 _M1 _UAVAILABLE _WMay 13, 2016 _ZMain Library Open Access Collection |
||
| 999 |
_c59143 _d59143 |
||